| 000 | 00481nam a22001457a 4500 | ||
|---|---|---|---|
| 003 | SGT | ||
| 082 |
_a617.632 _bI21G |
||
| 100 | _aGrover, Vishakha | ||
| 245 | _aIn SIlico Screening and prediction of short antimicrobial peptides from periodontal health associated microbial genomes and their validation in vitro | ||
| 260 |
_aGurugram, Haryana _bSGT University _c2021 |
||
| 300 | _a131 | ||
| 650 | _aPeriodontology | ||
| 653 | _aPeriodontology; microbial genomes | ||
| 942 |
_2ddc _cTH |
||
| 999 |
_c23892 _d23892 |
||